The State of Pakistan's economy third quarterly report for the year 2006-2007 of the central board of state bank of Pakistan (Record no. 588770)
[ view plain ]
| 000 -LEADER | |
|---|---|
| fixed length control field | 00404nam a22001217a 4500 |
| 082 ## - DEWEY DECIMAL CLASSIFICATION NUMBER | |
| Classification number | 330.9549105 |
| 100 ## - MAIN ENTRY--PERSONAL NAME | |
| Personal name | State Bank of Pakistan |
| 245 ## - TITLE STATEMENT | |
| Title | The State of Pakistan's economy third quarterly report for the year 2006-2007 of the central board of state bank of Pakistan |
| Statement of responsibility, etc. | State Bank of Pakistan |
| 260 ## - PUBLICATION, DISTRIBUTION, ETC. | |
| Place of publication, distribution, etc. | Karachi |
| Name of publisher, distributor, etc. | SBP Printing Press |
| Date of publication, distribution, etc. | 2007 |
| 300 ## - PHYSICAL DESCRIPTION | |
| Extent | 110p |
| 563 ## - BINDING INFORMATION | |
| Binding note | P.B |
| 942 ## - ADDED ENTRY ELEMENTS (KOHA) | |
| Source of classification or shelving scheme | |
| Koha item type | Book |
| Withdrawn status | Lost status | Source of classification or shelving scheme | Damaged status | Not for loan | Permanent Location | Current Location | Date acquired | Total Checkouts | Full call number | Barcode | Date last seen | Price effective from | Koha item type |
|---|---|---|---|---|---|---|---|---|---|---|---|---|---|
| Central Library (CL) | Central Library (CL) | 03/15/2022 | 330.9549105 SBP | S3H-R-28 | 03/15/2022 | 03/15/2022 | Book | ||||||
| Central Library (CL) | Central Library (CL) | 03/15/2022 | 330.9549105 SBP | S3H-R-25 | 03/15/2022 | 03/15/2022 | Book | ||||||
| Central Library (CL) | Central Library (CL) | 03/15/2022 | 330.9549105 SBP | S3H-R-24 | 03/15/2022 | 03/15/2022 | Book | ||||||
| Central Library (CL) | Central Library (CL) | 03/16/2022 | 330.9549105 SBP | S3H-R-26 | 03/16/2022 | 03/16/2022 | Book | ||||||
| Central Library (CL) | Central Library (CL) | 08/24/2022 | 330.9549105 SBP | S3H-R-27 | 08/24/2022 | 08/24/2022 | Book |
